Random World Leaders by Picture - Statistics

General Stats
  • This quiz has been taken 45 times
  • The average score is 3 of 16
Answer Stats
Picture Hint Answer % Correct
Syria (President 2000-) Bashar al-Assad
100%
Philippines (President 2022-) Bongbong Marcos
100%
Bosnia and Herzegovina (President 2022-) Denis Bećirović
100%
France (President 2017-) Emmanuel Macron
100%
Samoa (Prime Minister 2021-) Fiamē Naomi Mataʻafa
100%
Liberia (President 2018-) George Weah
100%
United States (President 2021-) Joe Biden
100%
Canada (Prime Minister 2015-) Justin Trudeau
100%
North Korea (Supreme Leader 2011-) Kim Jong Un
100%
India (Prime Minister 2014-) Narendra Modi
100%
Germany (Chancellor 2021-) Olaf Scholz
100%
Vatican City (Sovereign 2013-) Pope Francis
100%
Sweden (Prime Minister 2022-) Ulf Kristersson
100%
Hungary (Prime Minister 2010-) Viktor Orbán
100%
Russia (President 2012-) Vladimir Putin
100%
Ukraine (President 2019-) Volodymyr Zelenskyy
100%
China (President 2012-) Xi Jinping
100%
Netherlands (Prime Minister 2010-) Mark Rutte
67%
United Kingdom (Prime Minister 2022-) Rishi Sunak
67%
Switzerland (President 2023-) Alain Berset
50%
Belarus (President 1994-) Alexander Lukashenko
50%
Gabon (President 2009-) Ali Bongo Ondimba
50%
Croatia (Prime Minister 2016-) Andrej Plenković
50%
Portugal (Prime Minister 2016-) António Costa
50%
Israel (Prime Minister 2022-) Benjamin Netanyahu
50%
South Africa (President 2018-) Cyril Ramaphosa
50%
Cambodia (Prime Minister 1985-) Hun Sen
50%
Tuvalu (Prime Minister 2019-) Kausea Natano
50%
Solomon Islands (Prime Minister 2019-) Manasseh Sogavare
50%
Rwanda (President 2000-) Paul Kagame
50%
Turkey (President 2014-) Recep Tayyip Erdoğan
50%
Saudi Arabia (King 2015-) Salman
50%
Marshall Islands (President 2020-) David Kabua
33%
Zimbabwe (President 2017-) Emmerson Mnangagwa
33%
Burundi (President 2020-) Évariste Ndayishimiye
33%
Brazil (President 2023-) Luiz Inácio Lula da Silva
33%
Jordan (King 1999-) Abdullah II
25%
Indonesia (President 2014-) Joko Widodo
25%
Kazakhstan (President 2019-) Kassym-Jomart Tokayev
25%
Paraguay (President 2018-) Mario Abdo Benítez
25%
Sudan (Head of State 2019-) Abdel Fattah al-Burhan
0%
Egypt (President 2014-) Abdel Fattah el-Sisi
0%
Algeria (President 2019-) Abdelmadjid Tebboune
0%
Libya (Prime Minister 2021-) Abdul Hamid Dbeibeh
0%
Ethiopia (Prime Minister 2018-) Abiy Ahmed
0%
The Gambia (President 2017-) Adama Barrow
0%
Ivory Coast (President 2010-) Alassane Ouattara
0%
Monaco (Prince 2005-) Albert II
0%
Argentina (President 2019-) Alberto Fernández
0%
Guatemala (President 2020-) Alejandro Giammattei
0%
San Marino (Captain Regent 2023-) Alessandro Scarano
0%
Belgium (Prime Minister 2020-) Alexander De Croo
0%
Iran (Supreme Leader 1989-) Ali Khamenei
0%
Serbia (Prime Minister 2017-) Ana Brnabić
0%
Mexico (President 2018-) Andrés Manuel López Obrador
0%
Jamaica (Prime Minister 2016-) Andrew Holness
0%
Madagascar (President 2019-) Andry Rajoelina
0%
Australia (Prime Minister 2022-) Anthony Albanese
0%
Malaysia (Prime Minister 2020-) Anwar Ibrahim
0%
Mali (Interim President 2021-) Assimi Goïta
0%
Comoros (President 2016-) Azali Assoumani
0%
Suriname (President 2020-) Chan Santokhi
0%
New Zealand (Prime Minister 2023-) Chris Hipkins
0%
Nicaragua (President 2007-) Daniel Ortega
0%
Micronesia (President 2019-) David Panuelo
0%
Republic of the Congo (President 1997-) Denis Sassou Nguesso
0%
Grenada (Prime Minister 2022-) Dickon Mitchell
0%
North Macedonia (Prime Minister 2022-) Dimitar Kovačevski
0%
Peru (President 2022-) Dina Boluarte
0%
Moldova (Prime Minister 2023-) Dorin Recean
0%
Montenegro (Prime Minister 2022-) Dritan Abazović
0%
Albania (Prime Minister 2013-) Edi Rama
0%
Tajikistan (President 1994-) Emomali Rahmon
0%
Togo (President 2005-) Faure Gnassingbé
0%
Central African Republic (2016-) Faustin-Archange Touadéra
0%
Democratic Republic of the Congo (President 2019-) Félix Tshisekedi
0%
Mozambique (President 2015-) Filipe Nyusi
0%
Japan (Prime Minister 2021-) Fumio Kishida
0%
Chile (President 2022-) Gabriel Boric
0%
Bulgaria (Prime Minister 2022-) Galab Donev
0%
Antigua and Barbuda (Prime Minister 2014-) Gaston Browne
0%
Italy (Prime Minister 2022-) Giorgia Meloni
0%
Lithuania (President 2019-) Gitanas Nausėda
0%
Ecuador (2021-) Guillermo Lasso
0%
Colombia (President 2022-) Gustavo Petro
0%
Namibia (President 2015-) Hage Geingob
0%
Oman (Sultan 2020-) Haitham bin Tariq
0%
Zambia (President 2021-) Hakainde Hichilema
0%
Bahrain (King 1999-) Hamad bin Isa Al Khalifa
0%
Somalia (Prime Minister 2022-) Hamza Abdi Barre
0%
Lichtenstein (Prince Regent 1989-) Hans-Adam II
0%
Brunei (Sultan 1967-) Hassanal Bolkiah
0%
Afghanistan (Supreme Leader 2021-) Hibatullah Akhundzada
0%
Maldives (President 2020-) Ibrahim Mohamed Solih
0%
Burkina Faso (Interim President 2022-) Ibrahim Traoré
0%
Azerbaijan (President 2003-) Ilham Aliyev
0%
Georgia (Prime Minister 2021-) Irakli Garibashvili
0%
Guyana (President 2020-) Irfaan Ali
0%
Eretria (President 1993-) Isaias Afwerki
0%
Vanuatu (Prime Minister 2022-) Ishmael Kalsakau
0%
Djibouti (President 1999-) Ismaïl Omar Guelleh
0%
Papua New Guinea (Prime Minister 2019-) James Marape
0%
Angola (President 2017-) João Lourenço
0%
Belize (Prime Minister 2020-) Johnny Briceño
0%
Norway (Prime Minister 2021-) Jonas Gahr Støre
0%
Sierra Leone (President 2018-) Julius Maada Bio
0%
Tunisia (President 2019-) Kaïs Saïed
0%
Estonia (Prime Minister 2021-) Kaja Kallas
0%
Austria (Chancellor 2021-) Karl Nehammer
0%
Iceland (Prime Minister 2017-) Katrín Jakobsdóttir
0%
Trinidad and Tobago (Prime Minister 2015-) Keith Rowley
0%
Romania (President 2014-) Klaus Iohannis
0%
Latvia (Prime Minister 2019-) Krišjānis Kariņš
0%
Greece (Prime Minister 2019) Kyriakos Mitsotakis
0%
Slovakia (Acting Prime Minister 2021-) Lajos Ódor
0%
Panama (President 2019-) Laurentino Cortizo
0%
Malawi (President 2020-) Lazarus Chakwera
0%
Singapore (Prime Minister 2004-) Lee Hsien Loong
0%
Ireland (Prime Minister 2022-) Leo Varadkar
0%
Bhutan (Prime Minister 2018-) Lotay Tshering
0%
Dominican Republic (President 2020-) Luis Abinader
0%
Bolivia (President 2020-) Luis Arce
0%
Uruguay (President 2020-) Luis Lacalle Pou
0%
Mongolia (President 2021-) Luvsannamsrain Oyun-Erdene
0%
Senegal (President 2012-) Macky Sall
0%
Chad (Interim President 2021-) Mahamat Déby
0%
Guinea (Interim President 2021-) Mamady Doumbouya
0%
Poland (Prime Minister 2017-) Mateusz Morawiecki
0%
Denmark (Prime Minister 2019-) Mette Frederiksen
0%
Barbados (Prime Minister 2018-) Mia Mottley
0%
Cuba (First Secretary 2021-) Miguel Díaz-Canel
0%
Niger (President 2021-) Mohamed Bazoum
0%
United Arab Emirates (President 2022-) Mohamed bin Zayed Al Nahyan
0%
Mauritania (President 2019-) Mohamed Ould Ghazouani
0%
Bangladesh (Prime Minister 2009-) Mohammed Shahabuddin
0%
Iraq (Prime Minister 2022-) Mohammed Shia' Al Sudani
0%
Morocco (King 1999-) Mohammed VI
0%
Botswana (President 2018-) Mokgweetsi Masisi
0%
Eswatini (King 1986-) Mswati III
0%
Nigeria (President 2015-) Muhammadu Buhari
0%
Myanmar (Acting President 2021-) Myint Swe
0%
Lebanon (Prime Minister 2021-) Najib Mikati
0%
Ghana (President 2017-) Nana Akufo-Addo
0%
Kuwait (Emir 2020-) Nawaf Al-Ahmad Al-Jaber Al-Sabah
0%
El Salvador (President 2019-) Nayib Bukele
0%
Vietnam (General Secretary 2011-) Nguyễn Phú Trọng
0%
Venezuela (President 2013-) Nicolás Maduro
0%
Armenia (Prime Minister 2018-) Nikol Pashinyan
0%
Cyprus (President 2023-) Nikos Christodoulides
0%
Benin (President 2016-) Patrice Talon
0%
São Tomé and Príncipe (Prime Minister 2022-) Patrice Trovoada
0%
Cameroon (President 1982-) Paul Biya
0%
Spain (Prime Minister 2018-) Pedro Sánchez
0%
Czech Republic (Prime Minister 2021-) Petr Fiala
0%
The Bahamas (Prime Minister 2021-) Philip Davis
0%
Saint Lucia (Prime Minister 2021-) Philip J. Pierre
0%
Mauritius (Prime Minister 2019-) Pravind Jugnauth
0%
Thailand (Prime Minister 2014-) Prayut Chan-o-cha
0%
Nepal (Prime Minister 2022-) Pushpa Kamal Dahal
0%
Saint Vincent and the Grenadines (Prime Minister 2001-) Ralph Gonsalves
0%
Sri Lanka (President 2022-) Ranil Wickremesinghe
0%
Yemen (President 2022-) Rashad al-Alimi
0%
Malta (Prime Minister 2020-) Robert Abela
0%
Slovenia (Prime Minister 2022-) Robert Golob
0%
Costa Rica (President 2022-) Rodrigo Chaves Robles
0%
Dominica (Prime Minister 2004-) Roosevelt Skerrit
0%
Nauru (President 2022-) Russ Kun
0%
Kyrgyzstan (President 2021-) Sadyr Japarov
0%
South Sudan (President 2011-) Salva Kiir Mayardit
0%
Tanzania (President 2021-) Samia Suluhu Hassan
0%
Lesotho (Prime Minister 2022-) Sam Matekane
0%
Finland (Prime Minister 2019-) Sanna Marin
0%
Turkmenistan (President 2022-) Serdar Berdimuhamedow
0%
Uzbekistan (President 2016-) Shavkat Mirziyoyev
0%
Pakistan (Prime Minister 2022-) Shehbaz Sharif
0%
Tonga (Prime Minister 2021-) Siaosi Sovaleni
0%
Fiji (Prime Minister 2022-) Sitiveni Rabuka
0%
Palau (President 2021-) Surangel Whipps Jr.
0%
Qatar (Emir 2013-) Tamim bin Hamad Al Thani
0%
Kiribati (President 2016-) Taneti Maamau
0%
East Timor (Prime Minister 2018-) Taur Matan Ruak
0%
Equatorial Guinea (President 1979-) Teodoro Obiang Nguema Mbasogo
0%
Saint Kitts and Nevis (Prime Minister 2022-) Terrance Drew
0%
Laos (General Secretary 2021-) Thongloun Sisoulith
0%
Cape Verde (President 2021-) Ulisses Correia e Silva
0%
Guinea-Bissau (President 2020-) Umaro Sissoco Embaló
0%
Haiti (President; Vacant) Vacant (formerly Jovenel Moïse)
0%
Seychelles (President 2020-) Wavel Ramkalawan
0%
Kenya (President 2022-) William Ruto
0%
Luxembourg (Prime Minister 2013-) Xavier Bettel
0%
Andorra (Prime Minister 2019-) Xavier Espot
0%
Honduras (President 2020-) Xiomara Castro
0%
South Korea (President 2022-) Yoon Suk-yeol
0%
Uganda (President 1986-) Yoweri Museveni
0%
Bosnia and Herzegovina (Chairwoman 2022-) Željka Cvijanović
0%
Bosnia and Herzegovina (President 2022-) Željko Komšić
0%
No matching quizzes found
Score Distribution
Percent of People with Each Score
Percentile by Number Answered
Your Score History
You have not taken this quiz